Países del Mundo - Escriba la primera letra - Estadísticas

Estadísticas generales
  • Esta prueba ha sido intentada 212 veces
  • La puntuación promedio es 125 de 196
Respuestas en el mapa
Las respuestas están codificadas por una escala verde-roja en el mapa de la prueba según el % correcto abajo.
 
Estadísticas de respuestas
País % Correcto
Dinamarca
74%
Guinea-Bissau
74%
Italia
74%
Camboya
71%
Togo
71%
Malasia
70%
Namibia
70%
Portugal
70%
República Democrática del Congo
70%
San Vicente y las Granadinas
70%
Ucrania
70%
Australia
69%
Catar
69%
Ecuador
69%
Irlanda
69%
Kuwait
69%
Letonia
69%
Luxemburgo
69%
México
69%
Pakistán
69%
Serbia
69%
Bahamas
68%
Burkina Faso
68%
Bután
68%
China
68%
El Salvador
68%
Estados Federados de Micronesia
68%
Guatemala
68%
Guinea
68%
Haití
68%
India
68%
Israel
68%
Kiribati
68%
San Marino
68%
Taiwán
68%
Timor Oriental
68%
Trinidad y Tobago
68%
Bolivia
67%
Brunéi
67%
Japón
67%
Madagascar
67%
Mauricio
67%
Myanmar
67%
Siria
67%
Turkmenistán
67%
Uganda
67%
Argelia
65%
Bosnia y Herzegovina
65%
Bulgaria
65%
Corea del Sur
65%
Costa Rica
65%
Cuba
65%
Egipto
65%
Finlandia
65%
Francia
65%
Grecia
65%
Guinea Ecuatorial
65%
Indonesia
65%
Irak
65%
Jamaica
65%
Kenia
65%
Líbano
65%
Mauritania
65%
Moldavia
65%
Mónaco
65%
Nauru
65%
Nepal
65%
Omán
65%
Polonia
65%
Santo Tomé y Príncipe
65%
Singapur
65%
Sri Lanka
65%
Tailandia
65%
Tanzania
65%
Turquía
65%
Yemen
65%
Afganistán
64%
Andorra
64%
Belice
64%
Botsuana
64%
Camerún
64%
Chad
64%
Chipre
64%
Comoras
64%
Croacia
64%
Ghana
64%
Guyana
64%
Islas Salomón
64%
Malí
64%
Malta
64%
Montenegro
64%
República Centroafricana
64%
Rusia
64%
Seychelles
64%
Somalia
64%
Sudán
64%
Sudán del Sur
64%
Tuvalu
64%
Uruguay
64%
Alemania
63%
Arabia Saudita
63%
Armenia
63%
Cabo Verde
63%
Ciudad del Vaticano
63%
Corea del Norte
63%
Dominica
63%
Eslovenia
63%
España
63%
Filipinas
63%
Georgia
63%
Granada
63%
Kazajistán
63%
Lesoto
63%
Libia
63%
Maldivas
63%
Marruecos
63%
Noruega
63%
Paraguay
63%
Reino Unido
63%
República Checa
63%
Rumania
63%
Senegal
63%
Suecia
63%
Uzbekistán
63%
Venezuela
63%
Yibuti
63%
Albania
62%
Austria
62%
Baréin
62%
Bélgica
62%
Canadá
62%
Emiratos Árabes Unidos
62%
Eritrea
62%
Fiyi
62%
Honduras
62%
Hungría
62%
Islas Marshall
62%
Jordania
62%
Liberia
62%
Liechtenstein
62%
Lituania
62%
Malaui
62%
Países Bajos
62%
Papúa Nueva Guinea
62%
Perú
62%
República Dominicana
62%
Samoa
62%
Santa Lucía
62%
Sudáfrica
62%
Suiza
62%
Túnez
62%
Angola
61%
Antigua y Barbuda
61%
Argentina
61%
Bielorrusia
61%
Burundi
61%
Chile
61%
Costa de Marfil
61%
Estados Unidos
61%
Estonia
61%
Gambia
61%
Kirguistán
61%
Laos
61%
Macedonia del Norte
61%
Nigeria
61%
Nueva Zelanda
61%
República del Congo
61%
Ruanda
61%
San Cristóbal y Nieves
61%
Tayikistán
61%
Zimbabue
61%
Azerbaiyán
60%
Bangladés
60%
Barbados
60%
Benín
60%
Eslovaquia
60%
Etiopía
60%
Gabón
60%
Irán
60%
Islandia
60%
Mongolia
60%
Níger
60%
Panamá
60%
Suazilandia
60%
Surinam
60%
Tonga
60%
Brasil
58%
Colombia
58%
Mozambique
58%
Sierra Leona
58%
Vanuatu
58%
Nicaragua
57%
Vietnam
57%
Zambia
57%
Kosovo
55%
Palaos
50%
No se encontraron pruebas coincidentes
Distribución de puntuación
Porcentaje de gente con cada puntuación
Porcentaje por número respondido
Historial de tus puntuaciones
No has intentado esta prueba.